Les Niveaux de Banjo & Kazooie / Banjo Tooie : 64 - Statistiques

Statistiques générales
  • Ce quiz a été pris 72 fois
  • Le résultat moyen est 8 sur 18
Statistiques - réponses
Jeux Nom du Niveau % Correct
Banjo Kazooie Vallée de Gobi
76%
Banjo Kazooie Montagne de Mumbo
74%
Banjo Kazooie Caverne de Clanker
69%
Banjo Kazooie Bois Clic-Clac
67%
Banjo Kazooie Baie du Rusty Bucket
63%
Banjo Kazooie Baie du Trésor
61%
Banjo Kazooie Marais Moisi
61%
Banjo Kazooie Manoir du monstre malsain
46%
Banjo Kazooie Pic Polaire
46%
Banjo Tooie Sorcière Land
43%
Banjo Tooie Industrie Grunty
39%
Banjo Tooie Lagon de Joyeux Roger
39%
Banjo Tooie Temple Mayahem
39%
Banjo Tooie Mine Miroitante
33%
Banjo Tooie Pics Fournaises
33%
Banjo Tooie Terrydactyland
30%
Banjo Tooie Nuages CoucouLand
15%
Banjo Tooie Forteresse Chaudron
13%
Aucun quiz correspondant
Distribution des résultats
% des personnes avec chaque résultat
Percentile par nombre de réponses
Votre historique - résultats
Vous n’avez pas pris ce quiz